Catálogo público

Resistance of Citrus thoips to tartaremetic in the San Fernando valley and a tentative substitute program for emergency conditions / (Record no. 202300)

MARC details
000 -CABECERA
campo de control de longitud fija 00964nam a2200289Ia 4500
001 - NÚMERO DE CONTROL
campo de control Para_3720
003 - IDENTIFICADOR DEL NÚMERO DE CONTROL
campo de control CHAP
008 - DATOS DE LONGITUD FIJA--INFORMACIÓN GENERAL
campo de control de longitud fija 220125s1942 xx 000 0 und d
010 ## - NÚMERO DE CONTROL DE LA BIBLIOTECA DEL CONGRESO
Número de control de LC 202300
040 ## - FUENTE DE LA CATALOGACIÓN
Centro/agencia transcriptor CHAP
082 ## - NÚMERO DE LA CLASIFICACIÓN DECIMAL DEWEY
Número de clasificación PA-C 632.951 S67
100 ## - ENTRADA PRINCIPAL--NOMBRE DE PERSONA
Nombre de persona Boyce, A. M
9 (RLIN) 14867
245 ## - MENCIÓN DE TÍTULO
Título Resistance of Citrus thoips to tartaremetic in the San Fernando valley and a tentative substitute program for emergency conditions /
Mención de responsabilidad, etc. A. M. Boyce, C. O. Persing
260 ## - PUBLICACIÓN, DISTRIBUCIÓN, ETC.
Lugar de publicación, distribución, etc. Berkeley, Calif. :
Nombre del editor, distribuidor, etc. University of California. College of Agriculture
300 ## - DESCRIPCIÓN FÍSICA
Extensión 2 h.
440 ## - MENCIÓN DE SERIE/PUNTO DE ACCESO ADICIONAL--TÍTULO
Título California. Agr. Exp. Sta. News letter; 21
9 (RLIN) 167406
650 ## - PUNTO DE ACCESO ADICIONAL DE MATERIA--TÉRMINO DE MATERIA
Término de materia o nombre geográfico como elemento de entrada DDT (insecticida)
9 (RLIN) 31376
650 ## - PUNTO DE ACCESO ADICIONAL DE MATERIA--TÉRMINO DE MATERIA
Término de materia o nombre geográfico como elemento de entrada Fertilizantes
Subdivisión general Efecto en cítricos
9 (RLIN) 40499
700 ## - PUNTO DE ACCESO ADICIONAL--NOMBRE DE PERSONA
Nombre de persona Persing, C. O.
9 (RLIN) 87316
901 ## - ELEMENTOS DE DATOS A LOCAL LDA (RLIN)
a PA-C 632.951 S67
902 ## - ELEMENTOS DE DATOS B LOCAL, LDB (RLIN)
a A
905 ## - ELEMENTOS DE DATOS E LOCAL, LDE (RLIN)
a 0000001942 BER 0000000000 00
910 ## - DATOS DE OPCIÓN DEL USUARIO (OCLC)
Datos de opción del usuario 1942
942 ## - ELEMENTOS DE PUNTO DE ACCESO ADICIONAL (KOHA)
Tipo de ítem Koha Parasitologia_
942 ## - ELEMENTOS DE PUNTO DE ACCESO ADICIONAL (KOHA)
Tipo de ítem Koha Parasitologia_
-- 1
Holdings
Estado de retiro Estado de pérdida Fuente del sistema de clasificación o colocación Estado dañado Restricciones de uso No para préstamo Código de colección Localización permanente Ubicación/localización actual Ubicación en estantería Fecha de adquisición Información codificada de la localización en otra ubicación Total de préstamos Código de barras Fecha visto por última vez Precio válido a partir de Tipo de ítem Koha Nota pública
    Dewey Decimal Classification   Préstamo interno   Consulta Parasitologia Agricola Parasitologia Agricola   27/10/2005 PARA   PA_1059-20 25/01/2022 25/01/2022 Libro 3